Statistics for Provinces of Equatorial Guinea Map Quiz

Click here to take the quiz!

General Stats

  • This quiz has been taken 103 times
  • The average score is 5 of 7

Answers on the Map

Answers color-coded by a green-red scale on the quiz's map according to % correct below.
Loading ...
 

Answer Stats

Answer% Correct
Bioko Sur
81%
Bioko Norte
78%
Centro Sur
69%
Annobón
66%
Litoral
64%
Wele-Nzas
60%
Kié-Ntem
52%

Score Distribution

Percentile by Number Answered

Percent of People with Each Score

Your Score History

You have not taken this quiz